[Event "20th Dubai Open 2018"]
[Site "Dubai"]
[Date "2018.04.04"]
[Round "3"]
[White "Can, Emre"]
[Black "Charkhalashvili, Inga"]
[Result "1-0"]
[WhiteElo "2590"]
[BlackElo "2348"]
[Annotator "TA"]
[PlyCount "111"]
[EventDate "2018.??.??"]
[EventType "swiss"]
[EventCountry "UAE"]
[SourceTitle "playchess.com"]
[Source "ChessBase"]
[SourceQuality "1"]

{[%evp 28,111,85,81,90,60,50,48,55,50,62,62,63,60,65,62,77,48,95,90,92,88,95,81,121,129,159,154,142,145,167,155,177,166,182,174,212,211,212,213,211,197,218,224,270,255,246,250,276,240,246,238,293,264,273,251,327,333,331,325,332,339,321,247,303,295,293,301,375,378,355,317,408,412,419,423,408,409,731,746,741,742,716,701,6191,6133]} 1. d4 d5 2. Nf3 Nf6 {[%cal Bg8f6,Bf6d5,Bd5b4][%mdl 32]} 3. c4 e6 4. g3 dxc4 5. Bg2 Nc6 6. Qa4 Bb4+ 7. Bd2 Nd5 8. Bxb4 Ndxb4 9. O-O Rb8 10. Nc3 a6 11. Ne5 Qxd4 {E04: Open Catalan: 5 Nf3} (11... O-O 12. Nxc6 Nxc6 13. Bxc6 bxc6 14. Qxc4 Qd6 15. b3 Rb4 16. Ne4 Qxd4 17. Qxd4 Rxd4 18. f3 e5 19. Kf2 {½-½ (39) Bluebaum,M (2642)-Lupulescu,C (2609) Germany 2016}) 12. Bxc6+ Nxc6 13. Nxc6 bxc6 14. Qxc6+ Qd7 15. Qxc4 {LiveBook: 3 Games} Bb7 16. Rfd1 Qc6 17. Qxc6+ Bxc6 18. Rd2 Ke7 19. Rc1 Rhd8 $146 20. Rdc2 $1 Rd7 21. Kf1 Rb7 22. f3 e5 23. b3 f6 24. Nd1 Bd5 25. Nb2 e4 26. Na4 {Hoping for Nc5.} Ra7 27. Nc5 Rd6 28. fxe4 Ba8 29. Kf2 a5 30. Ke3 Rc6 31. Rc4 Rd6 32. Nd3 Kd8 33. g4 Re6 34. Nf4 Rd6 35. Nh5 c6 36. Ra4 g6 37. Nf4 Kc7 38. Nd3 Bb7 39. Nb2 Rd8 40. Nc4 Re8 41. Nxa5 f5 42. gxf5 gxf5 43. Rc5 fxe4 44. Rac4 ({Much less strong is} 44. Rxe4 Raa8) 44... Re6 45. Rh5 h6 46. Rxe4 Rxe4+ 47. Kxe4 $18 {[%mdl 4096] Endgame KRB-KRN} Bc8 48. b4 Kb6 49. Nc4+ Kc7 50. Ra5 Rb7 51. a3 Be6 52. Kd4 Kb8 (52... Bxc4 $142 53. Kxc4 Kb6) 53. Ne5 {White is clearly winning.} Rc7 54. Kc5 Kb7 55. Kd6 Bh3 {[#]} 56. Ra7+ $1 {[%mdl 512] Precision: White = 87%, Black = 48%.} 1-0

[Event "20th Dubai Open 2018"]
[Site "Dubai"]
[Date "2018.04.04"]
[Round "3"]
[White "Narayanan S L"]
[Black "Anton Guijarro, David"]
[Result "1-0"]
[WhiteElo "2568"]
[BlackElo "2653"]
[Annotator "TA"]
[PlyCount "97"]
[EventDate "2018.??.??"]
[EventType "swiss"]
[EventCountry "UAE"]
[SourceTitle "playchess.com"]
[Source "ChessBase"]
[SourceQuality "1"]

{[%evp 23,97,0,0,0,0,0,0,-10,-27,-10,0,0,0,0,0,0,0,-13,21,15,25,24,16,5,13,0,14,27,40,34,81,89,153,9,17,0,12,0,195,212,185,187,154,198,195,181,231,109,140,121,119,91,482,486,398,186,578,85,81,49,253,227,181,174,481,473,462,443,435,420,839,805,29988,29989,29994,29995]} 1. d4 Nf6 2. c4 e6 3. Nf3 d5 4. Nc3 c6 5. e3 Nbd7 6. Qc2 Bd6 7. Bd3 O-O 8. O-O dxc4 9. Bxc4 e5 10. h3 Qe7 11. Bb3 a5 {D46: Semi-Slav: 5 e3 Nbd7 6 Bd3, Black avoids the Meran} (11... Nb6 12. dxe5 Bxe5 13. Nxe5 Qxe5 14. e4 Re8 15. Re1 Nbd5 16. Bd2 Nf4 17. Bxf4 Qxf4 18. Rad1 Nd7 19. Re3 {1-0 (31) Bluebaum,M (2642)-Fedoseev,V (2726) Dortmund 2017}) 12. a4 Bb4 {LiveBook: 3 Games} 13. Rd1 e4 $146 {The position is equal.} ({Predecessor:} 13... Kh8 14. Nh4 Nb6 15. Nf5 Bxf5 16. Qxf5 e4 17. Qe5 Rfe8 18. Qxe7 Rxe7 {½-½ (35) Smirnov,A (2393)-Diermair,A (2500) Deutschlandsberg 2018}) 14. Nd2 {[%cal Rd2e4]} Re8 15. f3 exf3 16. Nxf3 Nf8 17. e4 {[%cal Be3e4,Be4e5][%mdl 32]} Be6 18. e5 {aiming for Bg5.} Bxb3 19. Qxb3 N6d7 20. Na2 c5 21. Nxb4 axb4 22. Bd2 b6 23. Rac1 h6 24. Kh1 Qe6 25. d5 Qf5 26. g4 Qg6 27. Re1 $36 {[%mdl 2048] Keeping Black busy.} h5 (27... b5 $142) 28. Rc4 ({White must play} 28. Nh4 $16 Qh7 29. e6 hxg4 30. exf7+ (30. exd7 Rxe1+ 31. Bxe1 Qe4+ 32. Ng2 Nxd7 $11) 30... Kxf7 31. d6+ Re6 32. Bg5) 28... Rad8 29. Rf4 {Threatens to win with Nh4.} hxg4 30. hxg4 Qh7+ $2 (30... f6 $11 {and Black has nothing to worry.} 31. e6 Ne5 32. Nxe5 fxe5) 31. Kg2 $18 Ng6 32. Rf5 $1 {[%cal Rf5h5]} Ndxe5 33. Rfxe5 Nxe5 34. Nxe5 Rd6 {[#] next ...f6 is good for Black.} 35. Qc4 (35. Qf3 $1 $18 {[%cal Rf3f7]} Re7 36. Bf4 (36. Nxf7 $2 Rxe1 37. Bxe1 Qc2+ 38. Kg1 Rf6 $19)) 35... g5 $16 36. Nc6 ({Reject} 36. Bxg5 $6 f6 $11) 36... Rxe1 37. Bxe1 Rd7 $2 {[%mdl 8192]} (37... Rh6 $16 38. Bg3 Qb1 39. Ne7+ Kf8) 38. Qe2 $18 Kf8 39. Bg3 (39. Qe5 $142) 39... b3 $2 (39... f5 {is tougher.}) 40. d6 $2 (40. Qe5 $18 Qg6 41. Qh8+ Qg8 42. Qh6+ Ke8 43. Ne5) 40... Qc2 $16 41. Kf2 {And now Nb8 would win.} c4 $2 {[#]} (41... f5 $1 $14 42. gxf5 Qxf5+ 43. Qf3 Qxf3+ 44. Kxf3 c4) 42. Nd4 $1 $18 {[%cal Rd4c2]} Qxe2+ 43. Nxe2 f6 $2 (43... Rd8 {is a better chance.} 44. Nc3 Ke8) 44. Ke3 Ra7 45. Nc3 Ra5 46. Kd4 f5 (46... Ke8 $142 47. Kxc4 Kd7) 47. Nd5 Rxd5+ 48. Kxd5 c3 49. Ke6 {Precision: White = 45%, Black = 35%.} 1-0

[Event "20th Dubai Open 2018"]
[Site "Dubai"]
[Date "2018.04.04"]
[Round "3"]
[White "Krysa, Leandro"]
[Black "Nikolova, Adriana"]
[Result "1-0"]
[WhiteElo "2543"]
[BlackElo "2308"]
[Annotator "TA"]
[PlyCount "91"]
[EventDate "2018.??.??"]
[EventType "swiss"]
[EventCountry "UAE"]
[SourceTitle "playchess.com"]
[Source "ChessBase"]
[SourceQuality "1"]

{[%evp 10,91,4,4,33,18,66,64,70,88,66,72,110,111,85,85,97,87,116,118,131,122,102,82,74,65,106,75,82,73,122,114,139,130,122,112,141,127,166,134,248,247,310,296,287,299,286,287,277,294,408,314,300,304,447,432,609,304,1449,1145,29986,29987,29987,29984,29984,29985,29983,580,573,559,667,572,564,560,590,549,928,931,931,927,916,905,798,770]} 1. d4 d5 2. c4 c6 3. cxd5 cxd5 4. Bg5 h6 5. Bh4 Nc6 (5... Qb6 6. Nc3 e5 7. Nf3 Nc6 8. e3 exd4 9. Nxd4 Qxb2 10. Nxd5 Bb4+ 11. Nxb4 Qc3+ {0-1 (20) Mamedyarov,S (2809)-Andreikin,D (2712) Moscow 2018}) 6. Nc3 {LiveBook: 9 Games. D10: Slav Defence: 3 cxd5 (without early Nf3) and 3 Nc3} a6 7. e3 g5 8. Bg3 {White is slightly better.} Nf6 9. Bd3 Bg7 10. h4 $146 ({Predecessor:} 10. Rc1 O-O 11. Nf3 Bg4 {1-0 (39) Doncevic,D (2290)-Kozarcanin,S (2027) Pula 2017}) 10... Qb6 11. a3 Bg4 12. f3 Bd7 13. Nge2 Na5 14. b4 Nc4 15. Bxc4 dxc4 16. e4 g4 17. Be5 Kf8 18. Nf4 h5 19. O-O Ne8 {[#] White must now prevent ...Bxe5.} 20. Nfd5 Qg6 21. f4 f5 22. Qc2 Rc8 23. Rae1 Qf7 24. Ne3 e6 (24... Rh6 $16 {was worth a try.}) 25. d5 Rh6 26. dxe6 Bxe6 27. exf5 {[%cal Be4f5,Bf5f6][%mdl 32]} ({Don't do} 27. Nxf5 $6 Bxf5 28. exf5 b5 $18) 27... Bd7 28. Rd1 Bc6 29. Ncd5 {[%cal Bc3d5,Bd5e7,Be7c6,Bc6d4][%mdl 32]} b5 30. Rfe1 Rd8 {[%cal Rc6d5]} 31. Bxg7+ Nxg7 (31... Qxg7 {was called for.} 32. f6 Qa7) 32. f6 $18 Ne6 (32... Rxf6 $142 33. Nxf6 Qxf6 34. Rxd8+ Qxd8) 33. Nf5 (33. Qf5 $142) 33... Rh8 $2 {[#]} (33... Rxd5 34. Nxh6 Qxf6) 34. Nde7 Rxd1 35. Qxd1 Qxf6 36. Nxc6 Qxf5 37. Qd6+ Kg7 38. Qxe6 (38. Nd4 $142 Qg6 39. Rxe6 Qb1+ 40. Kh2 Kg8 41. Qd8+ Kh7 42. Qd7+ Kg8 43. Re8#) 38... Qxe6 {White is clearly winning.} 39. Rxe6 {[%mdl 4096] Endgame KRN-KR} Rc8 40. Nd4 c3 41. Nc2 Rd8 42. Kf2 g3+ 43. Kxg3 Rd2 44. Ne3 c2 45. Rc6 Rd3 46. Kf3 {Precision: White = 75%, Black = 24%.} 1-0

[Event "20th Dubai Open 2018"]
[Site "Dubai"]
[Date "2018.04.04"]
[Round "3"]
[White "Ghaem Maghami, Ehsan"]
[Black "Rakhmanov, Aleksandr"]
[Result "1/2-1/2"]
[WhiteElo "2523"]
[BlackElo "2652"]
[Annotator "TA"]
[PlyCount "60"]
[EventDate "2018.??.??"]
[EventType "swiss"]
[EventCountry "UAE"]
[SourceTitle "playchess.com"]
[Source "ChessBase"]
[SourceQuality "1"]

{[%evp 15,60,17,24,15,21,11,12,10,4,12,13,10,11,15,8,-7,44,21,9,0,3,0,7,2,9,0,10,0,0,0,0,0,0,0,0,0,0,-11,-24,-17,0,0,0,0,0,0,22]} 1. d4 Nf6 2. Nf3 g6 3. Bg5 Bg7 4. Nbd2 d5 5. e3 O-O 6. c3 c6 7. Be2 Bg4 {D03: 1 d4 d5 2 Nf3 Nf6 3 Bg5, including Torre Attack with early ...d5} (7... Qb6 8. Qb3 Qxb3 9. axb3 Bg4 10. h3 Bxf3 11. Bxf3 Nbd7 {½-½ (11) Gyimesi,Z (2610)-Kozul,Z (2609) Murska Sobota 2007}) 8. O-O Nbd7 {LiveBook: 6 Games} 9. Re1 Re8 10. Qb3 $146 ({Predecessor:} 10. h3 Bxf3 11. Bxf3 e5 12. b4 e4 13. Be2 a5 14. a4 axb4 15. cxb4 {1-0 (58) Baumhackel,M (2146)-Dunsbach,R (2277) Germany 2002}) 10... Qb6 11. h3 Bxf3 12. Bxf3 e6 13. e4 (13. g4 {is interesting.} e5 14. Kg2 h5 15. Be2 exd4 16. cxd4 hxg4 17. hxg4 Qxb3 18. Nxb3 Ne4 19. Bf4) 13... dxe4 14. Nxe4 Nxe4 15. Bxe4 a5 (15... e5 $11) 16. Qxb6 (16. Qc2 {looks sharper.} a4 17. Rad1 Qa5 18. Be3 Nf6 19. Bf3) 16... Nxb6 17. Re2 a4 18. a3 Nc4 19. Bd3 b5 20. Rae1 h6 21. Bc1 Red8 22. g4 Rac8 23. Kg2 c5 24. Bxc4 $1 bxc4 25. dxc5 Rxc5 26. Rd2 (26. Be3 {is more complex.} Rc6 27. Bc1 h5 28. g5 Rd5 29. Re4) 26... Rxd2 27. Bxd2 Rc6 {The position is equal.} 28. Be3 Rd6 29. Bc5 Rd8 30. h4 Bf8 {Precision: White = 50%, Black = 61%.} 1/2-1/2

[Event "20th Dubai Open 2018"]
[Site "Dubai"]
[Date "2018.04.04"]
[Round "3"]
[White "Kiriakov, Petr"]
[Black "Mareco, Sandro"]
[Result "1/2-1/2"]
[WhiteElo "2520"]
[BlackElo "2645"]
[Annotator "TA"]
[PlyCount "80"]
[EventDate "2018.??.??"]
[EventType "swiss"]
[EventCountry "UAE"]
[SourceTitle "playchess.com"]
[Source "ChessBase"]
[SourceQuality "1"]

{[%evp 11,80,-5,0,-15,-18,-23,-19,-19,2,-12,0,-19,-7,-20,-11,0,0,-53,-42,-35,-33,-93,-84,-89,-86,-78,-72,-80,-77,-211,-64,-285,-30,-29,22,23,10,0,0,0,0,-15,408,-83,-83,-85,-83,-35,-6,-34,-6,-6,0,-4,0,0,-4,-16,-15,-29,0,-37,-8,-41,0,-7,0,0,8,8,8]} 1. d4 d5 2. c4 e6 3. Nc3 c6 4. e3 Nf6 5. a3 Nbd7 6. Qc2 {D31: Queen's Gambit Declined: Semi-Slav without ...Nf6 (+ Marshall Gambit and Noteboom) and Exchange Variation lines without ...Nf6} (6. Bd2 Be7 7. Qc2 O-O 8. Nf3 b6 9. Be2 Bb7 10. O-O dxc4 11. Bxc4 Rc8 12. Rfd1 c5 13. Be2 Qc7 {½-½ (62) Stocek,J (2544)-Van Wely,L (2684) Sydney 2013}) 6... Bd6 {LiveBook: 3 Games} 7. c5 Bc7 8. f4 b6 9. b4 O-O 10. Nf3 a5 {Strongly threatening ...axb4.} 11. Ra2 $146 (11. Bb2 {keeps more tension.} axb4 12. axb4 Rxa1+ 13. Bxa1 bxc5 14. bxc5 Ng4 15. Nd1) ({Predecessor:} 11. Rb1 axb4 12. axb4 bxc5 13. bxc5 Ba5 14. Bd2 Qc7 15. Bd3 {½-½ (15) Lebredo Zarragoitia,G (2240)-Gonzalez,B (2253) Curitiba 2011}) 11... Ne4 $36 {[%mdl 2048] Black fights for an advantage.} 12. cxb6 Bxb6 13. Nxe4 dxe4 14. Qxe4 (14. Ne5 $11) 14... axb4 $1 $15 15. Bc4 Nf6 16. Qd3 ({Better is} 16. Qb1 $15) 16... c5 $17 17. axb4 Rxa2 18. Bxa2 cxd4 $1 19. Nxd4 Bb7 {White must now prevent ...Ng4.} 20. Bb2 (20. O-O $17) 20... Qa8 (20... Bxg2 21. Rg1 $15) (20... Ng4 $1 $19 21. Qe2 Qh4+ 22. Kd2 Nf2) 21. Bb3 $2 ({Only move:} 21. Bc4 $15) 21... Rd8 $2 ({Stronger than} 21... Bxg2 22. Rg1 $15) (21... Ba6 $1 $19 {[%cal Ra6d3]} 22. Qd2 Ne4) 22. Qe2 $1 $11 Ba6 (22... Bxd4 $142 23. Bxd4 Bxg2 24. Bxf6 Bf3) 23. b5 Ba5+ 24. Kf1 Bb7 25. Kg1 Bc7 26. h4 h5 $2 {[%mdl 8192] [#]} (26... Qa5 $11) 27. Nc6 $2 ({White has to play} 27. Nxe6 $1 $18 {[%mdl 512]} fxe6 28. Bxe6+ Kh8 29. Bxf6) 27... Bxc6 $17 28. Bxf6 ({But not} 28. bxc6 $2 Ng4 $19) 28... gxf6 29. bxc6 Qxc6 {Threatens to win with ...Qc3.} 30. Rh3 Kf8 31. Qc4 Qb6 32. Kh2 Ke7 33. Rg3 Bd6 34. Ba2 Ra8 35. Qb3 Qa7 36. Bb1 Rb8 37. Qa2 Qc7 38. Bd3 {The position is equal.} Rc8 39. Be2 Qb8 40. Bxh5 Rh8 {Precision: White = 38%, Black = 37%.} 1/2-1/2

[Event "20th Dubai Open 2018"]
[Site "Dubai"]
[Date "2018.04.04"]
[Round "3"]
[White "Vishnu, Prasanna. V"]
[Black "Adly, Ahmed"]
[Result "1/2-1/2"]
[WhiteElo "2510"]
[BlackElo "2626"]
[Annotator "TA"]
[PlyCount "61"]
[EventDate "2018.??.??"]
[EventType "swiss"]
[EventCountry "UAE"]
[SourceTitle "playchess.com"]
[Source "ChessBase"]
[SourceQuality "1"]

{[%evp 19,61,0,0,0,7,0,0,0,0,16,17,16,13,13,13,13,13,10,17,13,11,11,13,2,15,0,0,0,0,0,0,0,0,0,0,0,0,0,0,0,0,0,0,0]} 1. c4 Nf6 2. Nc3 e5 3. Nf3 Nc6 4. e4 Bc5 {[#]} 5. Nxe5 $1 {[%mdl 512]} Nxe5 6. d4 Bb4 7. dxe5 Nxe4 8. Qd4 Nxc3 9. bxc3 Be7 10. Be2 O-O {The position is equal.} 11. Bf4 {A28: English Opening: Four Knights Variation} d6 12. O-O Be6 13. Bf3 $146 ({Predecessor:} 13. Rfd1 Qc8 14. exd6 cxd6 15. Bxd6 Bxd6 16. Qxd6 Bxc4 17. Bxc4 Qxc4 18. Qb4 Qc7 {0-1 (55) Savenko,A (2255)-Nadyrhanov,S (2480) Krasnodar 1997}) 13... Qc8 14. Rab1 Rb8 15. Qxa7 {[%cal Rf3b7]} Bxc4 {[#]} 16. exd6 $1 {[%mdl 512]} Bxd6 (16... cxd6 17. Rfd1) 17. Bxd6 cxd6 18. Rfd1 d5 19. Bxd5 Bxd5 20. Rxd5 Qxc3 21. h3 (21. Qd4 {is more complex.} Qc2 22. Qb2 Qxb2 23. Rxb2 g6 24. g4) 21... g6 22. Rdb5 Ra8 23. Qxb7 Rxa2 24. R5b2 (24. R5b3 {keeps more tension.} Qd4 25. Qf3 Rd2 26. Rb4 Qd6 27. Rb6) 24... Rxb2 25. Qxb2 Qxb2 26. Rxb2 $11 {KR-KR} h5 27. h4 Ra8 28. g3 Kg7 29. Kg2 Ra7 30. Rc2 Re7 31. Rd2 {Precision: White = 66%, Black = 86%.} 1/2-1/2

[Event "20th Dubai Open 2018"]
[Site "Dubai"]
[Date "2018.04.04"]
[Round "3"]
[White "Venkatesh, M.R"]
[Black "Moksh, Amit Doshi"]
[Result "1-0"]
[WhiteElo "2487"]
[BlackElo "2297"]
[Annotator "TA"]
[PlyCount "41"]
[EventDate "2018.??.??"]
[EventType "swiss"]
[EventCountry "UAE"]
[SourceTitle "playchess.com"]
[Source "ChessBase"]
[SourceQuality "1"]

{[%evp 21,41,-26,-17,-29,-2,-18,0,-22,-9,-50,0,-51,108,117,144,118,198,33,29987,29988,29988,29989]} 1. e4 e6 2. d3 d5 3. Nd2 c5 4. Ngf3 Nc6 5. g3 Nf6 6. Bg2 Be7 7. O-O b6 8. Re1 Bb7 9. c3 Qc7 10. Nf1 d4 {C00: French: Unusual White 2nd moves} (10... dxe4 11. dxe4 Rd8 12. Qe2 Qc8 13. e5 Ba6 14. Qe3 Nd7 15. Qe4 Nf8 16. Ng5 Bb7 17. Qf4 Bxg5 18. Qxg5 Ng6 19. h4 O-O {1-0 (64) Carlsen,M (2853)-Nakamura,H (2787) chess.com INT 2016}) 11. e5 Nd7 {LiveBook: 4 Games} 12. Qe2 b5 {Black has an edge.} 13. Bf4 O-O 14. h4 Nb6 $146 ({Find the theoretical novelty and annotate with similar games:} 14... Rfe8 15. N1h2 Nf8 {1-0 (40) Ibraheem,D (1912)-Jalaluldeen,K (1750) Baghdad 2013}) 15. Ng5 h6 16. Ne4 ({White should play} 16. Qh5 $1 $11) 16... Rfd8 $2 ({Wrong is} 16... Nxe5 $2 17. cxd4 cxd4 18. Rac1 $18) (16... Nd5 $15) 17. Nf6+ $1 $16 Kh8 18. Qh5 {aiming for Bxh6!} Bf8 19. Nh2 $2 (19. Bxh6 $1 $18 gxh6 20. Nh2 dxc3 21. Nhg4) 19... dxc3 $2 {[%mdl 8192] [#]} (19... g6 $14 20. Qe2 c4) 20. Bxh6 $1 {[%mdl 512]} gxh6 {[#]} 21. Nhg4 $1 {Precision: White = 33%, Black = 15%.} 1-0

[Event "20th Dubai Open 2018"]
[Site "Dubai"]
[Date "2018.04.04"]
[Round "3"]
[White "Karthikeyan, P."]
[Black "Iturrizaga Bonelli, Eduardo"]
[Result "0-1"]
[WhiteElo "2481"]
[BlackElo "2624"]
[Annotator "TA"]
[PlyCount "58"]
[EventDate "2018.??.??"]
[EventType "swiss"]
[EventCountry "UAE"]
[SourceTitle "playchess.com"]
[Source "ChessBase"]
[SourceQuality "1"]

{[%evp 22,58,0,0,0,4,51,43,39,45,40,47,56,26,57,47,122,79,314,308,308,283,244,0,0,-40,-43,-52,-37,-143,-152,-274,-286,-817,-225,-1728,-1716,-29998,-29999]} 1. e4 c5 2. Nf3 e6 3. d4 cxd4 4. Nxd4 a6 5. c4 Nf6 6. Nc3 d6 7. Be2 b6 8. f4 {[%cal Bf2f4,Bf4f5][%mdl 32] B41: Sicilian: Kan Variation: 5 c4} Qc7 9. O-O Nbd7 10. Qd3 Bb7 11. f5 Nc5 12. Qe3 $1 {LiveBook: 3 Games. fxe6 is the strong threat.} e5 13. Nd5 {[#]} Nxd5 $146 ({Predecessor:} 13... Qd8 14. Nxf6+ gxf6 15. Nb3 h5 16. Bf3 {1-0 (47) Onischuk,A (2666)-Christiansen,L (2579) Saint Louis 2013}) 14. exd5 Be7 15. Nc6 Bf6 16. b4 Nd7 17. Bf3 O-O {Threatens to win with ...e4!} 18. Be4 $1 b5 (18... Nb8 $14) 19. g4 $1 $16 {[%cal Bg2g4,Bg4g5,Bg5f6][%mdl 32]} Bxc6 $2 (19... h6 $16) 20. dxc6 $18 Nb6 21. g5 $1 {[%cal Rg5f6]} Nxc4 22. Qd3 $2 {[#]} ({Not} 22. Qf2 Bd8 $11) (22. Qh3 $1 $18 Qa7+ 23. Kh1) 22... d5 $1 $11 {[%cal Bd6d5,Bd5e4,Be4e3][%mdl 544]} 23. gxf6 (23. Qxd5 Rfd8) 23... dxe4 24. Qg3 {[%csl Gf6][%cal Rg3g7]} g6 {Hoping for ...Qb6+.} 25. Qh4 (25. Qh3 $15 Qb6+ 26. Rf2 Qxc6 27. fxg6 fxg6 28. f7+ $1 {[%mdl 512]} Kh8 29. Bg5) 25... Qb6+ $17 (25... Qxc6 26. fxg6 Qb6+ 27. Kg2 $14) 26. Kh1 {[#]} (26. Rf2 $17 {keeps fighting.} Nd6 27. fxg6 fxg6 28. Bg5) 26... e3 $1 $19 ({Don't take} 26... Qxc6 27. Bh6 $19) 27. Rf3 $2 (27. c7) 27... Qxc6 28. Kg1 $2 (28. Qh6 Qxf3+ 29. Kg1 Qf2+ 30. Kh1 Qf1#) 28... Qxf3 29. Qh6 Qf2+ {Precision: White = 28%, Black = 56%.} 0-1

[Event "20th Dubai Open 2018"]
[Site "Dubai"]
[Date "2018.04.04"]
[Round "3"]
[White "Santiago, Yago De Moura"]
[Black "Bharath, Subramaniyam H"]
[Result "1/2-1/2"]
[WhiteElo "2476"]
[BlackElo "1997"]
[Annotator "TA"]
[PlyCount "107"]
[EventDate "2018.??.??"]
[EventType "swiss"]
[EventCountry "UAE"]
[SourceTitle "playchess.com"]
[Source "ChessBase"]
[SourceQuality "1"]

{[%evp 21,107,34,32,13,13,0,0,-7,-7,-11,0,-8,0,0,-2,-36,0,0,0,-33,0,0,0,-45,-48,-70,-14,-6,-13,-22,-7,-16,-19,-6,-4,-32,0,0,0,0,20,0,0,0,0,-3,0,0,8,4,21,8,9,0,56,66,79,18,124,0,70,0,0,0,0,-8,-7,-10,0,-4,-3,-4,0,-10,-11,-40,-12,-29,-9,-9,-9,-13,-13,-25,0,-7,0,-9]} 1. d4 Nf6 2. Nf3 e6 3. c4 c5 4. Nc3 cxd4 5. Nxd4 a6 6. g3 Qc7 7. Bg2 Be7 8. O-O O-O 9. Nb3 {[%cal Bd4b3,Bb3d2,Bd2f3][%mdl 32] A30: Symmetrical English: Double Fianchetto and Hedgehog} (9. e4 d6 10. Be3 Nbd7 11. Rc1 Ne5 12. b3 Bd7 13. h3 Qa5 14. Qd2 Rfc8 15. f4 Nc6 16. Qf2 Bd8 {1-0 (25) Hou,Y (2673)-Henriquez Villagra,C (2505) Punta Arenas 2016}) 9... d6 10. Bf4 Nbd7 11. Rc1 Ne5 {LiveBook: 4 Games} 12. Nd2 $146 ({Predecessor:} 12. c5 dxc5 13. Nxc5 Qxc5 14. Nd5 Nc4 15. Nxe7+ Qxe7 16. Rxc4 e5 {½-½ (46) Ma,Z (2369)-Chan,Y (2342) Ho Chi Minh City 2012}) 12... Rb8 13. h3 b6 14. b3 Bb7 15. Nf3 Rfd8 16. Qd2 Rbc8 17. Rfd1 Qb8 18. Be3 Nxf3+ 19. exf3 Bc6 20. Qd4 Nd7 21. Ne4 {[%cal Re4d6]} Nc5 22. b4 d5 23. Bf4 Qb7 ({Black should try} 23... dxe4 $15 24. Qxd8+ Bxd8 25. Bxb8 Nd3) 24. Nd6 $1 $11 {[%cal Rd6b7]} Bxd6 25. Bxd6 Rxd6 26. bxc5 bxc5 27. Qxc5 Rdd8 {[#] aiming for ...Ba4.} 28. Qa5 Qa8 29. f4 d4 30. Bf1 Be4 31. c5 d3 32. Rd2 h6 33. Rc3 Qb7 34. Qa4 Bg6 (34... Rc7 {feels hotter.} 35. h4 Rdc8 36. Qd4 Rd7 37. Qa4 Rdc7) 35. c6 Qb6 36. Bg2 Qb1+ 37. Qd1 Qb6 (37... Qxd1+ $1 $11 38. Rxd1 d2) 38. Qc1 $14 Rd6 39. Qa3 (39. Bf3 $16) 39... Qd4 (39... Rdxc6 $11 40. Bxc6 Rxc6) 40. Qc5 ({But not} 40. Qxa6 $6 Qxc3 41. Qxc8+ Kh7 $11) (40. Qb3 $16) 40... f6 (40... Qxc5 $11 41. Rxc5 Rd4) 41. Bf3 (41. Qa3 $1 $14) 41... Qxc5 $11 42. Rxc5 Be8 43. c7 {[#] Strongly threatening Bb7.} Rd7 44. Rc6 Rdxc7 45. Rxc7 Rxc7 46. Rxd3 {[%mdl 4096] Endgame KRB-KRB} Bb5 47. Rd2 Kf7 48. Kh2 Rc1 49. g4 Rc4 50. f5 Rc3 51. Be4 exf5 52. Bxf5 Rc5 53. Bc2 Ke7 54. Bb3 {Precision: White = 43%, Black = 42%.} 1/2-1/2

[Event "20th Dubai Open 2018"]
[Site "Dubai"]
[Date "2018.04.04"]
[Round "3"]
[White "Karthik, Venkataraman"]
[Black "Gupta, Abhijeet"]
[Result "1/2-1/2"]
[WhiteElo "2470"]
[BlackElo "2617"]
[Annotator "TA"]
[PlyCount "114"]
[EventDate "2018.??.??"]
[EventType "swiss"]
[EventCountry "UAE"]
[SourceTitle "playchess.com"]
[Source "ChessBase"]
[SourceQuality "1"]

{[%evp 21,114,27,21,18,26,26,43,0,23,12,6,13,61,48,72,55,65,33,43,54,30,43,52,39,55,74,48,53,121,87,167,134,120,122,160,145,185,178,149,149,156,150,158,160,156,50,57,53,47,56,56,57,57,58,58,56,50,54,59,63,56,41,42,56,56,0,75,31,31,31,31,31,31,31,31,24,24,24,24,0,0,0,0,0,15,0,0,0,15,0,0,0,0,0,0]} 1. Nf3 Nf6 2. c4 g6 3. Nc3 d5 4. cxd5 Nxd5 5. Qb3 Nb6 6. d4 Bg7 7. Bf4 {D90: Grünfeld: 4 Nf3 Bg7 sidelines} Be6 8. Qa3 Nc6 (8... c5 9. Qxc5 Nc6 10. e4 Nxd4 11. Nxd4 Bxd4 12. Bb5+ Kf8 13. Qa3 a6 14. Be2 Nd7 {1-0 (57) Banusz,T (2616)-Sutovsky,E (2689) Austria 2017}) 9. e3 a5 10. Qc5 O-O 11. Be2 a4 {LiveBook: 4 Games} 12. Nb5 Nd5 13. Bg3 {[#]} Ncb4 $146 ({Predecessor:} 13... Ra5 14. Qc1 Bg4 {½-½ (31) Johnson,B (2447)-Van Unen,H (2505) ICCF email 2015}) 14. e4 (14. Bxc7 $2 Qd7 $17) 14... Na6 (14... b6 $5 15. Qc1 $8 Nf6 $16) 15. Qc1 Nf6 $1 16. Nc3 (16. Bxc7 Nxc7 17. Qxc7 Nxe4 $17) 16... c6 17. O-O Qa5 18. Rd1 b5 19. Ng5 $36 {[%mdl 2048] Black is under pressure.} b4 20. Nxe6 fxe6 21. e5 bxc3 22. exf6 cxb2 23. Qxb2 Bxf6 24. Bf3 Nb4 (24... Rad8 $14) 25. Qe2 {Hoping for Rac1.} Kh8 (25... Kf7 $16) 26. a3 ({Stronger than} 26. Qxe6 Nc2 $15) 26... Nd5 27. Qxe6 Nc3 28. Rd3 ({Worse is} 28. Qxc6 Rac8 $17) ({Not} 28. Bxc6 Nxd1 29. Bxa8 (29. Rxd1 Ra7 $15) 29... Nxf2 $15) 28... Nd5 29. Qxc6 Rfd8 30. h4 Qa6 31. Qc2 Rac8 {[#]} 32. Qd2 $1 Qc4 33. Be4 (33. Bg4 $16) 33... Nc3 $14 34. Bb7 Rxd4 35. Rxd4 Qxd4 36. Qxd4 Bxd4 37. Re1 Re8 38. Bc6 Rc8 39. Bd7 Rd8 40. Rxe7 Bf6 $1 {[%cal Rf6e7]} 41. Rf7 Ne2+ 42. Kh2 {[#] And now Bc7 would win.} Nxg3 43. Rxf6 {[%mdl 4096] Endgame KRB-KRN} ({White should try} 43. Kxg3 $14 Be5+ 44. f4) 43... Kg7 (43... Nf1+ $11 {remains equal.} 44. Kg1 Rxd7) 44. Ra6 {Threatens to win with Ra7.} Rxd7 45. Kxg3 {KR-KR} Rd3+ 46. Kf4 Rxa3 47. Ra7+ Kg8 48. g4 {Black must now prevent Kg5.} h5 49. f3 Kf8 50. gxh5 (50. g5 {feels hotter.} Kg8 51. Ke4 Kf8 52. f4 Rh3 53. Ke5) 50... gxh5 {The position is equal.} 51. Ra5 Ra1 52. Rxh5 a3 53. Rf5+ Kg7 54. Rg5+ Kf6 55. Rg2 Rb1 56. Ra2 Rb4+ 57. Ke3 Ke5 {Precision: White = 64%, Black = 69%.} 1/2-1/2